[Event "13th European Individual Championship"]
[Site "Plovdiv BUL"]
[Date "2012.03.29"]
[EventDate "2012.03.20"]
[Round "9"]
[Result "0-1"]
[White "Maxim Rodshtein"]
[Black "Fabiano Caruana"]
[WhiteElo "2652"]
[BlackElo "2767"]
[PlyCount "158"]

1. Nf3 c5 2. c4 Nc6 3. Nc3 Nd4 4. e3 Nxf3+ 5. Qxf3 g6 6. b3
Bg7 7. Bb2 d6 8. g3 e6 9. Bg2 Ne7 10. O-O O-O 11. Rad1 Nc6
12. Qe2 e5 13. a3 Re8 14. Nd5 a5 15. Rb1 Be6 16. Bc3 Ne7
17. b4 cxb4 18. axb4 a4 19. Qd3 f5 20. e4 Nxd5 21. exd5 Bf7
22. Ra1 b5 23. cxb5 Qb6 24. Rfc1 e4 25. Qe3 Qxe3 26. fxe3 Bxd5
27. Bxg7 Kxg7 28. Bf1 Kf6 29. Ra3 Reb8 30. Be2 Bb3 31. Rc6 Ke6
32. Kf2 Kd7 33. d4 Rc8 34. Ra6 Rxa6 35. bxa6 Kc6 36. Ra1 Kb6
37. Ke1 Rc2 38. h4 h6 39. b5 d5 40. Rb1 Rc3 41. Kd2 Rc2+
42. Ke1 a3 43. Rxb3 a2 44. Ra3 Rc1+ 45. Kf2 a1=Q 46. Rxa1 Rxa1
47. Bf1 g5 48. hxg5 hxg5 49. Be2 Rh1 50. Kg2 Rh8 51. Kg1 Rf8
52. Kf2 Rf7 53. Bf1 Rc7 54. Be2 Rc1 55. Kg2 Rc8 56. Kf1 Rf8
57. Kf2 Rf6 58. Bf1 f4 59. gxf4 gxf4 60. exf4 Rxf4+ 61. Ke1
Rf3 62. Be2 Rb3 63. Kf2 Rh3 64. Bf1 e3+ 65. Ke1 Rh1 66. Ke2
Kxb5 67. a7 Rh8 68. Kxe3+ Kc6 69. Kf4 Ra8 70. Ke5 Rxa7 71. Bg2
Re7+ 72. Kf4 Kd6 73. Bf3 Re1 74. Bg2 Ra1 75. Bf3 Ra3 76. Be2
Kc6 77. Bf1 Ra2 78. Ke5 Rd2 79. Ba6 Rd1 0-1

[Event "45th Biel Masters Open"]
[Site "Biel SUI"]
[Date "2012.07.31"]
[EventDate "2012.07.23"]
[Round "8"]
[Result "1/2-1/2"]
[White "Maxim Rodshtein"]
[Black "Benjamin Bok"]
[WhiteElo "2642"]
[BlackElo "2512"]
[PlyCount "88"]

1. d4 Nf6 2. c4 g6 3. f3 d5 4. cxd5 Nxd5 5. e4 Nb6 6. Nc3 Bg7
7. Be3 O-O 8. Qd2 Nc6 9. O-O-O Qd6 10. Nb5 Qd7 11. Kb1 Rd8
12. d5 a6 13. Nc3 Qe8 14. Qc1 Na5 15. h4 e6 16. Bf4 Qe7
17. Bg5 f6 18. Be3 exd5 19. Bxb6 cxb6 20. Nxd5 Qf7 21. h5 Be6
22. hxg6 hxg6 23. Qd2 Rac8 24. Nh3 Bxd5 25. exd5 Rc5 26. d6
Bf8 27. Bd3 Rxd6 28. g4 Nc4 29. Qh2 Rb5 30. Ng5 Rxb2+ 31. Qxb2
Nxb2 32. Nxf7 Rxd3 33. Kxb2 Rxd1 34. Rxd1 Kxf7 35. Rd7+ Ke6
36. Rxb7 Bc5 37. Rg7 g5 38. Kc3 Ke5 39. Rf7 Ke6 40. Rc7 Kd5
41. Kd3 a5 42. a4 Bd6 43. Rc4 Be5 44. Rc1 Bb2 1/2-1/2

[Event "45th Biel Masters Open"]
[Site "Biel SUI"]
[Date "2012.08.01"]
[EventDate "2012.07.23"]
[Round "9"]
[Result "1-0"]
[White "Vitali Golod"]
[Black "Maxim Rodshtein"]
[WhiteElo "2547"]
[BlackElo "2642"]
[PlyCount "65"]

1. d4 Nf6 2. c4 g6 3. Nc3 d5 4. cxd5 Nxd5 5. Na4 Bg7 6. e4 Nb6
7. Be3 O-O 8. Nf3 Nxa4 9. Qxa4 c5 10. Rd1 Bd7 11. Qa3 cxd4
12. Nxd4 Qc7 13. Be2 Nc6 14. Nb5 Qc8 15. O-O Rd8 16. h3 Bf8
17. Nc3 e6 18. Bc5 Bxc5 19. Qxc5 Be8 20. Qe3 Qc7 21. f4 Ne7
22. Rxd8 Qxd8 23. g4 Qa5 24. f5 Qb6 25. Qxb6 axb6 26. fxe6
fxe6 27. Bc4 Bf7 28. Nb5 Rd8 29. e5 Rd7 30. Nd6 Nd5 31. Bxd5
exd5 32. Rf6 d4 33. e6 1-0

[Event "45th Biel Masters Open"]
[Site "Biel SUI"]
[Date "2012.08.02"]
[EventDate "2012.07.23"]
[Round "10"]
[Result "0-1"]
[White "Alfred Weindl"]
[Black "Maxim Rodshtein"]
[WhiteElo "2329"]
[BlackElo "2642"]
[PlyCount "80"]

1. e4 c6 2. d3 d5 3. Nd2 g6 4. g3 Bg7 5. Bg2 e5 6. Ngf3 Ne7
7. O-O O-O 8. c3 c5 9. exd5 Nxd5 10. Re1 Nc6 11. a4 Re8
12. Nc4 h6 13. a5 Rb8 14. Qb3 Nc7 15. Ng5 hxg5 16. Bxc6 Re6
17. Be4 g4 18. Be3 Na6 19. Rad1 Re8 20. Qa3 b5 21. axb6 axb6
22. Qa2 Nc7 23. Bc6 Re6 24. Bg2 Bb7 25. Be4 Bd5 26. Bxd5 Qxd5
27. Qb1 f5 28. Bc1 Rd8 29. Qc2 b5 30. Ne3 Qc6 31. Ng2 Kh7
32. Re2 Red6 33. Be3 Ne6 34. Bc1 c4 35. Ne1 Qd7 36. Re3 f4
37. gxf4 exf4 38. Rxe6 Qxe6 39. Bxf4 cxd3 40. Nxd3 Rxd3 0-1

[Event "45th Biel Masters Open"]
[Site "Biel SUI"]
[Date "2012.08.03"]
[EventDate "2012.07.23"]
[Round "11"]
[Result "1-0"]
[White "Maxim Rodshtein"]
[Black "Alexander Raetsky"]
[WhiteElo "2642"]
[BlackElo "2449"]
[PlyCount "101"]

1. d4 d5 2. c4 dxc4 3. e4 Nc6 4. Nf3 Bg4 5. d5 Ne5 6. Bf4 Ng6
7. Be3 e5 8. Bxc4 a6 9. Nbd2 Bd6 10. Be2 Nf6 11. O-O O-O
12. Qb3 Qb8 13. g3 Ne7 14. Rac1 h6 15. Rfe1 b5 16. Qd3 Rc8
17. Nb3 c6 18. dxc6 Nxc6 19. a3 Bf8 20. Nfd2 Bxe2 21. Qxe2 a5
22. Rc2 Nd7 23. Rec1 Qb7 24. Nf3 a4 25. Nbd2 b4 26. Qd3 bxa3
27. bxa3 Na5 28. Rb1 Nb3 29. Rxc8 Qxc8 30. Nxb3 axb3 31. Rxb3
Nc5 32. Bxc5 Qxc5 33. Rc3 Qa5 34. Nd2 Rd8 35. Qc2 Qb5 36. Nf3
Qa5 37. a4 g6 38. h4 Ra8 39. Rc4 h5 40. Kg2 Ra7 41. Qb2 Bd6
42. Rc6 Bf8 43. Rc8 Ra8 44. Rxa8 Qxa8 45. Qc2 Qa5 46. Qb3 Be7
47. Qb7 Bd6 48. Qd7 Qc7 49. Qb5 Qb8 50. Qd5 Kg7 51. Ng5 1-0

[Event "45th Biel Masters Open"]
[Site "Biel SUI"]
[Date "2012.07.23"]
[EventDate "2012.07.23"]
[Round "1"]
[Result "1-0"]
[White "Maxim Rodshtein"]
[Black "Damian Karrer"]
[WhiteElo "2642"]
[BlackElo "2166"]
[PlyCount "41"]

1. d4 d5 2. c4 c6 3. Nf3 Nf6 4. e3 g6 5. Nc3 Bg7 6. h3 O-O
7. Bd3 a6 8. O-O dxc4 9. Bxc4 b5 10. Bb3 c5 11. dxc5 Qc7
12. e4 Qxc5 13. e5 Ne8 14. Be3 Qc7 15. Nd5 Qb7 16. Nb6 Nc6
17. Bd5 Nc7 18. Bxc6 Qxc6 19. Rc1 Qb7 20. Rxc7 Qxc7 21. Nxa8
1-0

[Event "45th Biel Masters Open"]
[Site "Biel SUI"]
[Date "2012.07.24"]
[EventDate "2012.07.23"]
[Round "2"]
[Result "1/2-1/2"]
[White "Avital Boruchovsky"]
[Black "Maxim Rodshtein"]
[WhiteElo "2416"]
[BlackElo "2642"]
[PlyCount "107"]

1. e4 c5 2. Nf3 d6 3. d4 cxd4 4. Nxd4 Nf6 5. Nc3 a6 6. g3 e5
7. Nde2 Be7 8. Bg2 b5 9. a4 b4 10. Nd5 Nxd5 11. Qxd5 Ra7
12. Be3 Be6 13. Qd2 Rb7 14. f4 b3 15. f5 Bc4 16. Nc1 d5
17. exd5 Rd7 18. Nxb3 Bxd5 19. Bxd5 Rxd5 20. Qe2 O-O 21. O-O
Qc8 22. c3 Qb7 23. Qc2 Nd7 24. Nd2 Bc5 25. Bxc5 Nxc5 26. b4
Rfd8 27. Rad1 Nxa4 28. c4 Qa7+ 29. Rf2 Rd3 30. Qxa4 e4 31. c5
e3 32. Re2 h5 33. Qc2 Qc7 34. c6 R8d6 35. Rde1 exd2 36. Rd1 h4
37. Rexd2 Rxd2 38. Rxd2 Rxc6 39. Qd3 h3 40. Qd8+ Qxd8
41. Rxd8+ Kh7 42. Rd4 Rc1+ 43. Kf2 Rc2+ 44. Kf3 Rxh2 45. Kg4
Rf2 46. Kxh3 Rxf5 47. Rd7 Kg6 48. Ra7 Rf6 49. Rb7 Kg5 50. b5
axb5 51. Rxb5+ Rf5 52. Rb7 Rf2 53. Rb5+ Kf6 54. Ra5 1/2-1/2

[Event "45th Biel Masters Open"]
[Site "Biel SUI"]
[Date "2012.07.25"]
[EventDate "2012.07.23"]
[Round "3"]
[Result "1-0"]
[White "Maxim Rodshtein"]
[Black "Nikola Petrov"]
[WhiteElo "2642"]
[BlackElo "2282"]
[PlyCount "69"]

1. Nf3 Nf6 2. c4 c5 3. Nc3 e6 4. e3 Nc6 5. d4 cxd4 6. exd4 d5
7. cxd5 exd5 8. Bb5 Bd6 9. O-O O-O 10. Bg5 Be6 11. Re1 Be7
12. Bxc6 bxc6 13. Ne5 Rc8 14. Na4 h6 15. Bxf6 Bxf6 16. Rc1 Qd6
17. Nc5 Rfe8 18. Qd3 Bd8 19. Nb7 Qb4 20. Nxd8 Rexd8 21. a3 Qb5
22. Qc3 Rc7 23. Nd3 a5 24. Nc5 Bf5 25. Re5 Bg6 26. Rce1 Rb8
27. b3 Ra7 28. Qg3 Rd8 29. h4 h5 30. Re8+ Rxe8 31. Rxe8+ Kh7
32. Qd6 f6 33. Re3 Bf5 34. f3 Rf7 35. Re8 1-0

[Event "45th Biel Masters Open"]
[Site "Biel SUI"]
[Date "2012.07.26"]
[EventDate "2012.07.23"]
[Round "4"]
[Result "1/2-1/2"]
[White "Martin Kraemer"]
[Black "Maxim Rodshtein"]
[WhiteElo "2506"]
[BlackElo "2642"]
[PlyCount "64"]

1. e4 c5 2. Nf3 d6 3. d4 cxd4 4. Nxd4 Nf6 5. f3 e5 6. Nb3 Be7
7. c4 a5 8. Be3 a4 9. N3d2 O-O 10. Nc3 Qa5 11. Be2 Be6 12. O-O
Bd8 13. Kh1 Nbd7 14. Nd5 Nc5 15. b4 axb3 16. axb3 Qxa1
17. Qxa1 Rxa1 18. Rxa1 Nfd7 19. Ra3 h6 20. g3 Bg5 21. Bxg5
hxg5 22. Ra7 Rb8 23. Nc7 Kf8 24. Kg1 Ke7 25. b4 Na6 26. Nxa6
bxa6 27. b5 axb5 28. cxb5 Rc8 29. Kf2 Rc2 30. Ke3 Kd8 31. Ra6
Kc7 32. Ra7+ Kb8 1/2-1/2

[Event "45th Biel Masters Open"]
[Site "Biel SUI"]
[Date "2012.07.27"]
[EventDate "2012.07.23"]
[Round "5"]
[Result "1-0"]
[White "Maxim Rodshtein"]
[Black "Attila Czebe"]
[WhiteElo "2642"]
[BlackElo "2478"]
[PlyCount "39"]

1. d4 e6 2. c4 b6 3. e4 Bb7 4. Bd3 Nc6 5. Ne2 Nb4 6. Nbc3
Nxd3+ 7. Qxd3 d6 8. O-O Nf6 9. d5 Be7 10. Nd4 Qd7 11. a4 O-O
12. a5 c5 13. Nf3 exd5 14. exd5 Ba6 15. Re1 Rfe8 16. h3 h6
17. Bf4 Rab8 18. axb6 Rxb6 19. Na4 Rb4 20. Nxc5 1-0

[Event "45th Biel Masters Open"]
[Site "Biel SUI"]
[Date "2012.07.28"]
[EventDate "2012.07.23"]
[Round "6"]
[Result "1/2-1/2"]
[White "Maxim Rodshtein"]
[Black "Sergei Movsesian"]
[WhiteElo "2642"]
[BlackElo "2698"]
[PlyCount "43"]

1. d4 d5 2. c4 c6 3. Nf3 Nf6 4. Nc3 a6 5. e3 b5 6. c5 Nbd7
7. a3 a5 8. Qe2 Bb7 9. Qc2 Qc7 10. e4 dxe4 11. Nxe4 a4 12. g3
Nxe4 13. Qxe4 Nf6 14. Qe2 Nd5 15. Bg2 g6 16. Ne5 Rd8 17. h4
Bg7 18. h5 Bc8 19. Bd2 Be6 20. O-O-O Bxe5 21. dxe5 Rd7
22. Bxd5 1/2-1/2

[Event "Chess Olympiad"]
[Site "Istanbul TUR"]
[Date "2012.08.28"]
[EventDate "?"]
[Round "1.77"]
[Result "1/2-1/2"]
[White "Igor Yarmonov"]
[Black "Maxim Rodshtein"]
[WhiteElo "2333"]
[BlackElo "2642"]
[PlyCount "120"]

1. d4 Nf6 2. c4 g6 3. Nc3 d5 4. Nf3 Bg7 5. Qb3 dxc4 6. Qxc4
O-O 7. e4 a6 8. Bf4 b5 9. Qxc7 Qxc7 10. Bxc7 Bb7 11. e5 Nd5
12. Nxd5 Bxd5 13. Be2 Nc6 14. Bb6 Rfc8 15. O-O Rab8 16. Bc5
Bxf3 17. gxf3 Nxe5 18. b4 Nc6 19. Rad1 e6 20. Rd3 Bf8 21. a3
a5 22. Bxf8 Kxf8 23. bxa5 Nxa5 24. d5 exd5 25. Rxd5 Nc4
26. Rc1 Nxa3 27. Rxc8+ Rxc8 28. Bxb5 Nb1 29. Rd4 Rc5 30. Bd3
Nd2 31. Be2 Rg5+ 32. Rg4 Re5 33. Ba6 Nxf3+ 34. Kg2 Nd2 35. Bb7
Nb3 36. Bf3 Nc5 37. h4 Ne6 38. Ra4 Kg7 39. Bg4 Nc7 40. Bf3 Rc5
41. Rb4 h6 42. Be2 Re5 43. Rb7 Ne8 44. Bd1 Nd6 45. Rd7 Nf5
46. Bb3 Re7 47. Rxe7 Nxe7 48. f4 Nf5 49. Kh3 Kf6 50. Ba2 Ke7
51. Bb3 h5 52. Bc4 Nh6 53. Bd5 Kd6 54. Ba2 Kc5 55. f5 gxf5
56. Kg3 Kd6 57. Kf4 f6 58. Bb3 Ke7 59. Bd1 Ng4 60. Be2 Kf7
1/2-1/2

[Event "Chess Olympiad"]
[Site "Istanbul TUR"]
[Date "2012.08.29"]
[EventDate "2012.08.28"]
[Round "2.37"]
[Result "1-0"]
[White "Maxim Rodshtein"]
[Black "Llambi Pasko"]
[WhiteElo "2642"]
[BlackElo "2061"]
[PlyCount "97"]

1. d4 Nf6 2. c4 g6 3. Nc3 Bg7 4. e4 d6 5. Nf3 O-O 6. Be2 e5
7. d5 Nh5 8. g3 f5 9. exf5 Bxf5 10. Ng5 Nf6 11. O-O Na6
12. Bd3 Bd7 13. Nge4 Nxe4 14. Bxe4 Nc5 15. Bg2 a5 16. Be3 b6
17. b3 Qc8 18. Qd2 Bh3 19. f3 Bxg2 20. Kxg2 Qf5 21. Bxc5 bxc5
22. Ne4 h6 23. Rae1 g5 24. h3 Bf6 25. Nc3 Rf7 26. Qe2 Rg7
27. Qe4 Qd7 28. Rb1 h5 29. Rf2 Be7 30. a3 Rf8 31. Qd3 Bd8
32. Ne4 Be7 33. b4 axb4 34. axb4 cxb4 35. Rxb4 Qf5 36. Rb7 Bd8
37. Rb3 Rgf7 38. c5 Be7 39. cxd6 cxd6 40. g4 hxg4 41. hxg4 Qg6
42. Rf1 Rf4 43. Qe2 R8f7 44. Rh1 Rh7 45. Rxh7 Qxh7 46. Rb7 Qf7
47. Qb5 Rxe4 48. fxe4 Kf8 49. Qd7 1-0

[Event "Chess Olympiad"]
[Site "Istanbul TUR"]
[Date "2012.08.30"]
[EventDate "2012.08.28"]
[Round "3.6"]
[Result "0-1"]
[White "Maxim Rodshtein"]
[Black "Ruslan Ponomariov"]
[WhiteElo "2642"]
[BlackElo "2734"]
[PlyCount "114"]

1. d4 d5 2. c4 dxc4 3. e4 Nf6 4. e5 Nd5 5. Bxc4 Nb6 6. Bd3 Nc6
7. Ne2 Bg4 8. f3 Be6 9. Nbc3 Qd7 10. Ne4 Bd5 11. Nc5 Qc8
12. Bd2 Nc4 13. Qc2 Nxd2 14. Qxd2 e6 15. Rc1 Be7 16. b4 Bh4+
17. Kf1 a6 18. a3 f6 19. Nc3 fxe5 20. Nxd5 exd5 21. dxe5 Nxe5
22. Re1 Bxe1 23. Qxe1 O-O 24. Qxe5 c6 25. Kf2 Qg4 26. Nxb7
Qh4+ 27. g3 Qh6 28. Nd6 a5 29. b5 Qf6 30. Qxf6 Rxf6 31. Nf5
cxb5 32. Rb1 Rb8 33. Ne7+ Kf8 34. Nxd5 Rd6 35. Be4 g5 36. Ke3
Rh6 37. Rb2 b4 38. Kd4 Kg7 39. a4 Rc6 40. Bd3 Rc1 41. f4 Ra1
42. fxg5 Rxa4 43. Re2 b3+ 44. Kc3 b2 45. Bb1 Ra3+ 46. Kc2 Rb7
47. Nc3 a4 48. h4 Rab3 49. Nxa4 Rxg3 50. Rd2 Rg1 51. Nxb2 Rc7+
52. Kd3 Rxb1 53. Rh2 Kg6 54. Ke4 Re1+ 55. Kf3 Rf7+ 56. Kg3
Re3+ 57. Kg4 Ref3 0-1

[Event "Chess Olympiad"]
[Site "Istanbul TUR"]
[Date "2012.08.31"]
[EventDate "2012.08.28"]
[Round "4.16"]
[Result "1-0"]
[White "Maxim Rodshtein"]
[Black "Anuar Ismagambetov"]
[WhiteElo "2642"]
[BlackElo "2471"]
[PlyCount "89"]

1. d4 Nf6 2. c4 e6 3. Nf3 b6 4. g3 Bb7 5. Bg2 Be7 6. O-O O-O
7. Re1 c5 8. d5 exd5 9. Nh4 Ne4 10. cxd5 Bxh4 11. Bxe4 Bf6
12. Nc3 d6 13. Bf4 Qe7 14. Qc2 h6 15. Bg2 Nd7 16. a4 a6
17. Rad1 Rfe8 18. Bc1 Qf8 19. f4 Rab8 20. e4 Bc8 21. Bf1 g6
22. Bc4 Qg7 23. Qd3 Bd4+ 24. Be3 Bxc3 25. bxc3 f5 26. exf5
gxf5 27. Qxf5 Nf6 28. Qd3 Ne4 29. Bxc5 Bf5 30. Bd4 Qg6 31. Qf1
Kf7 32. Re3 h5 33. Bd3 Re7 34. Qg2 Rbe8 35. Rde1 h4 36. g4 h3
37. Rxh3 Rg8 38. g5 Bxh3 39. Qxh3 Kf8 40. Qc8+ Re8 41. Bxe4
Qxe4 42. Rxe4 Rxc8 43. h4 Kf7 44. h5 Rge8 45. g6+ 1-0

[Event "Chess Olympiad"]
[Site "Istanbul TUR"]
[Date "2012.09.01"]
[EventDate "2012.08.28"]
[Round "5.12"]
[Result "0-1"]
[White "Maxim Rodshtein"]
[Black "Alex Astaneh Lopez"]
[WhiteElo "2642"]
[BlackElo "2398"]
[PlyCount "100"]

1. Nf3 Nf6 2. c4 g6 3. Nc3 d5 4. cxd5 Nxd5 5. Qb3 Nb6 6. d4
Bg7 7. Bf4 O-O 8. Rd1 a5 9. Ne5 c6 10. e3 Be6 11. Qc2 N8d7
12. Nd3 Qc8 13. Ne4 a4 14. b3 axb3 15. axb3 Nd5 16. Ng5 c5
17. e4 Nxf4 18. Nxf4 Bxd4 19. Be2 Ne5 20. Nfxe6 fxe6 21. O-O
h6 22. Nf3 Nxf3+ 23. Bxf3 e5 24. Be2 Kg7 25. Rd2 Rf6 26. Bc4
Qd7 27. Kh1 b5 28. Bd3 Rc8 29. Qa2 Qb7 30. Rb1 Rcf8 31. Qa5
Rb6 32. Qa2 Ra6 33. Qc2 Raf6 34. f3 h5 35. Qd1 Ra8 36. Qe2 Rb6
37. Qf1 Qd7 38. Be2 Ra3 39. Bd1 Qe6 40. Rc2 Qf7 41. Rcc1 h4
42. Qe2 h3 43. gxh3 c4 44. bxc4 bxc4 45. Rxb6 Bxb6 46. Qb2 Rd3
47. Qxe5+ Kh7 48. Qg3 Be3 49. Rb1 Rd2 50. Ba4 c3 0-1

[Event "Chess Olympiad"]
[Site "Istanbul TUR"]
[Date "2012.09.03"]
[EventDate "2012.08.28"]
[Round "6.10"]
[Result "1-0"]
[White "Parimarjan Negi"]
[Black "Maxim Rodshtein"]
[WhiteElo "2664"]
[BlackElo "2642"]
[PlyCount "87"]

1. e4 c6 2. d4 d5 3. e5 Bf5 4. Nf3 e6 5. Be2 c5 6. Be3 cxd4
7. Nxd4 Ne7 8. O-O Nbc6 9. Bb5 Rc8 10. Bxc6+ Nxc6 11. Nxf5
exf5 12. c3 Be7 13. Nd2 O-O 14. Nf3 Qd7 15. Re1 Rfd8 16. Qd3
g6 17. Rad1 b6 18. h4 Bc5 19. Bg5 Be7 20. h5 Qe6 21. hxg6 fxg6
22. a3 Rc7 23. Be3 Bc5 24. Ng5 Qe7 25. e6 Bxe3 26. Qxe3 Qf6
27. Nf7 Re8 28. Rxd5 Rce7 29. Rd6 Na5 30. Ne5 Nb7 31. Nd7 Qg7
32. Rdd1 Nd8 33. Qd4 Kh8 34. Nf6 Rf8 35. Qxd8 Qxf6 36. Qd4 Kg7
37. Qc4 Rfe8 38. Rd6 h5 39. Qd4 g5 40. Re5 Kg6 41. Qe3 g4
42. c4 h4 43. b4 Rc8 44. Rdd5 1-0

[Event "Chess Olympiad"]
[Site "Istanbul TUR"]
[Date "2012.09.05"]
[EventDate "2012.08.28"]
[Round "8.9"]
[Result "0-1"]
[White "Miguel Illescas Cordoba"]
[Black "Maxim Rodshtein"]
[WhiteElo "2601"]
[BlackElo "2642"]
[PlyCount "50"]

1. d4 Nf6 2. Bg5 e6 3. Nf3 h6 4. Bh4 b6 5. e3 Bb7 6. Be2 g5
7. Bg3 Ne4 8. Nbd2 Nxg3 9. hxg3 Bg7 10. c3 d6 11. Qa4+ Qd7
12. Qb3 Qe7 13. a4 a6 14. a5 b5 15. c4 c6 16. g4 Nd7 17. Ne4
c5 18. Ng3 Bxf3 19. Bxf3 bxc4 20. Qb7 O-O 21. dxc5 Rab8
22. Qxa6 Nxc5 23. Qxc4 d5 24. Qc2 Rxb2 25. Qd1 Nb3 0-1

[Event "Chess Olympiad"]
[Site "Istanbul TUR"]
[Date "2012.09.06"]
[EventDate "2012.08.28"]
[Round "9.6"]
[Result "1/2-1/2"]
[White "Ivan Sokolov"]
[Black "Maxim Rodshtein"]
[WhiteElo "2696"]
[BlackElo "2642"]
[PlyCount "87"]

1. d4 Nf6 2. c4 g6 3. Nc3 d5 4. cxd5 Nxd5 5. e4 Nxc3 6. bxc3
Bg7 7. Be3 c5 8. Qd2 cxd4 9. cxd4 Nc6 10. Rd1 Bg4 11. Nf3 Bxf3
12. gxf3 O-O 13. f4 e6 14. Bg2 Qd7 15. O-O Rfd8 16. d5 exd5
17. Qxd5 Qg4 18. h3 Qe2 19. Qb3 Na5 20. Qb1 Nc4 21. Rxd8+ Rxd8
22. Re1 Qh5 23. Qxb7 Nxe3 24. fxe3 Rd2 25. e5 Qh4 26. Rf1 Bf8
27. Kh2 Qh5 28. Rc1 Qe2 29. e6 fxe6 30. Qe4 Qa6 31. a4 Rd5
32. Rc7 Rc5 33. Rd7 Rf5 34. Rd8 Qb6 35. Rc8 Rc5 36. a5 Rxa5
37. Rc6 Qb3 38. Rxe6 Rf5 39. Rc6 Qf7 40. Rc8 a5 41. Bf1 Kg7
42. Bd3 Qd5 43. Ra8 Qxe4 44. Bxe4 1/2-1/2

[Event "Chess Olympiad"]
[Site "Istanbul TUR"]
[Date "2012.09.07"]
[EventDate "2012.08.28"]
[Round "10.10"]
[Result "1/2-1/2"]
[White "Merab Gagunashvili"]
[Black "Maxim Rodshtein"]
[WhiteElo "2578"]
[BlackElo "2642"]
[PlyCount "74"]

1. Nf3 Nf6 2. c4 c5 3. g3 Nc6 4. Bg2 d5 5. cxd5 Nxd5 6. Nc3
Nc7 7. O-O e5 8. a3 Rb8 9. Rb1 Be7 10. d3 O-O 11. Nd2 Bd7
12. Nc4 f6 13. Be3 Kh8 14. f4 b5 15. Nd2 exf4 16. Bxf4 Nd4
17. Nf3 Nde6 18. Be3 Bc6 19. b4 a6 20. Qd2 Re8 21. Ne5 fxe5
22. Bxc6 Rf8 23. Rxf8+ Bxf8 24. Bg2 Nd4 25. Bf2 Qd7 26. Qg5
Qe6 27. Qd2 Rd8 28. Kh1 Be7 29. Bg1 Qg4 30. bxc5 Bxc5 31. Ne4
Be7 32. Qa5 Nd5 33. Rf1 Qc8 34. Qd2 Qc2 35. Qa5 Qc8 36. Qd2
Qc2 37. Qa5 Qc8 1/2-1/2

[Event "Chess Olympiad"]
[Site "Istanbul TUR"]
[Date "2012.09.09"]
[EventDate "2012.08.28"]
[Round "11.11"]
[Result "1-0"]
[White "Andrey Zhigalko"]
[Black "Maxim Rodshtein"]
[WhiteElo "2582"]
[BlackElo "2642"]
[PlyCount "113"]

1. Nf3 Nf6 2. c4 b6 3. Nc3 Bb7 4. d4 e6 5. a3 d5 6. Bg5 Be7
7. Qa4+ Qd7 8. Qc2 dxc4 9. e3 Nd5 10. Ne5 Qd8 11. Bxe7 Qxe7
12. Bxc4 Nxc3 13. Qxc3 O-O 14. O-O Nd7 15. Nxd7 Qxd7 16. Rfd1
Rfc8 17. f3 Qd6 18. e4 c5 19. d5 exd5 20. Bxd5 Qe7 21. Bxb7
Qxb7 22. Rd5 Rd8 23. Rad1 Rxd5 24. Rxd5 g6 25. Qe5 Qc6 26. Rd6
Qb5 27. h4 Re8 28. Qf6 h5 29. Kh2 Rf8 30. Rd5 Re8 31. Kg3 Rf8
32. Rd2 Re8 33. Kf4 Qf1 34. Rd7 Qc1+ 35. Kg3 Rf8 36. Rxa7 b5
37. Rc7 b4 38. axb4 Qe1+ 39. Kh2 cxb4 40. Rb7 Qd2 41. Rb6 Rc8
42. Rd6 Qf2 43. Rd7 Rf8 44. Rb7 Qd2 45. Rb5 Rc8 46. Rb6 Re8
47. Rd6 Qf2 48. Rd3 Qa7 49. Rd2 Qe3 50. Rd7 Rf8 51. Re7 Qf2
52. Rc7 Qe3 53. Rc4 Qd2 54. b3 Qe1 55. e5 Re8 56. Rf4 Rf8
57. Qe7 1-0

[Event "28th European Club Cup"]
[Site "Eilat ISR"]
[Date "2012.10.11"]
[EventDate "2012.10.10"]
[Round "1"]
[Result "1-0"]
[White "Anish Giri"]
[Black "Maxim Rodshtein"]
[WhiteElo "2730"]
[BlackElo "2616"]
[PlyCount "73"]

1. Nf3 Nf6 2. c4 b6 3. d4 Bb7 4. g3 g6 5. Bg2 Bg7 6. O-O O-O
7. d5 e6 8. Nc3 exd5 9. cxd5 Re8 10. Re1 c6 11. e4 d6 12. Bf4
cxd5 13. exd5 Rxe1+ 14. Qxe1 Na6 15. Nd4 Qd7 16. Rd1 Nc7
17. Nc2 Rc8 18. Qe2 Nh5 19. Bg5 Bxc3 20. bxc3 Nb5 21. Re1 Nxc3
22. Qd2 Bxd5 23. Bxd5 Nxd5 24. Qxd5 Rxc2 25. Re7 Rc1+ 26. Kg2
Qc6 27. Qxc6 Rxc6 28. Rxa7 Kg7 29. Be3 Nf6 30. Bd4 b5 31. Ra5
Rc4 32. Ba1 Rc1 33. Bb2 Rc5 34. a4 bxa4 35. Rxc5 dxc5 36. f4
a3 37. Ba1 1-0

[Event "28th European Club Cup"]
[Site "Eilat ISR"]
[Date "2012.10.12"]
[EventDate "2012.10.11"]
[Round "2"]
[Result "1/2-1/2"]
[White "Eylon Nakar"]
[Black "Maxim Rodshtein"]
[WhiteElo "2397"]
[BlackElo "2616"]
[PlyCount "92"]

1. e4 c5 2. Nf3 e6 3. Nc3 a6 4. g3 b5 5. Bg2 Bb7 6. d3 d6
7. O-O Nd7 8. a3 Be7 9. Qe2 Ngf6 10. Ng5 h6 11. Nh3 Ne5
12. Nd1 Nc6 13. Ne3 a5 14. c3 a4 15. Bd2 Na5 16. Rad1 Qc7
17. f4 c4 18. dxc4 bxc4 19. Nf2 Nd7 20. Rfe1 Nc5 21. Nc2 Nab3
22. Nb4 Nxd2 23. Rxd2 Nb3 24. Rdd1 O-O 25. Ng4 Rfe8 26. Ne3
Rac8 27. Kh1 Bf8 28. Qf1 Qc5 29. Bf3 Rc7 30. Bg2 Rec8 31. Nec2
g6 32. e5 Qb6 33. exd6 Bxd6 34. Bxb7 Qxb7+ 35. Qg2 Qb6 36. Ne3
Bf8 37. Qf3 Qb5 38. Ng4 Bg7 39. Ne5 Nc5 40. Re2 Bxe5 41. Rxe5
Qb6 42. Rd4 Nb3 43. Rd1 Nc5 44. Rd4 Nb3 45. Rd1 Nc5 46. Rd4
Nb3 1/2-1/2

[Event "28th European Club Cup"]
[Site "Eilat ISR"]
[Date "2012.10.13"]
[EventDate "2012.10.11"]
[Round "3"]
[Result "1-0"]
[White "Maxim Rodshtein"]
[Black "Matthew Tan"]
[WhiteElo "2616"]
[BlackElo "2425"]
[PlyCount "67"]

1. d4 d5 2. c4 c6 3. Nc3 Nf6 4. e3 e6 5. Nf3 Nbd7 6. Qc2 Bd6
7. Bd3 dxc4 8. Bxc4 b5 9. Bd3 Bb7 10. O-O O-O 11. a3 a5 12. e4
e5 13. dxe5 Nxe5 14. Nxe5 Bxe5 15. h3 Re8 16. Be3 Qe7 17. Rfe1
h6 18. Rad1 Bxc3 19. Qxc3 Nxe4 20. Qc2 Qh4 21. Bb6 c5 22. Bxe4
Rxe4 23. Qxc5 Rae8 24. Bxa5 Rxe1+ 25. Bxe1 Qe4 26. f3 Qe2
27. Qd4 Re6 28. Bg3 Rg6 29. Kh2 Kh7 30. Rd2 Qf1 31. Qd7 Qc1
32. h4 h5 33. Re2 Qf1 34. Re1 1-0

[Event "28th European Club Cup"]
[Site "Eilat ISR"]
[Date "2012.10.14"]
[EventDate "2012.10.11"]
[Round "4"]
[Result "1-0"]
[White "Maxim Rodshtein"]
[Black "David Navara"]
[WhiteElo "2616"]
[BlackElo "2722"]
[PlyCount "81"]

1. d4 Nf6 2. c4 g6 3. f3 d5 4. cxd5 Nxd5 5. e4 Nb6 6. Nc3 Bg7
7. Be3 O-O 8. Qd2 e5 9. d5 c6 10. h4 cxd5 11. exd5 N8d7 12. h5
Nf6 13. hxg6 fxg6 14. O-O-O Bd7 15. Kb1 Rc8 16. d6 e4 17. fxe4
Ng4 18. Bg5 Qe8 19. Nf3 Rxc3 20. bxc3 Qxe4+ 21. Bd3 Qc6
22. Bc2 Bf5 23. Bxf5 Rxf5 24. Nd4 Bxd4 25. Qxd4 Rxg5 26. Rhe1
Rb5+ 27. Kc2 Nd5 28. a4 Ra5 29. Re7 Nxe7 30. dxe7 Kf7 31. Qxg4
Rxa4 32. Qd7 Qxg2+ 33. Rd2 Qe4+ 34. Kb2 Rb4+ 35. Ka3 Ra4+
36. Kb2 Rb4+ 37. Ka3 Ra4+ 38. Qxa4 Qxa4+ 39. Kxa4 Kxe7 40. Kb5
h5 41. Kc4 1-0

[Event "28th European Club Cup"]
[Site "Eilat ISR"]
[Date "2012.10.15"]
[EventDate "2012.10.11"]
[Round "5"]
[Result "1/2-1/2"]
[White "Dmitri Bulanov"]
[Black "Maxim Rodshtein"]
[WhiteElo "2376"]
[BlackElo "2616"]
[PlyCount "97"]

1. e4 e6 2. d3 d5 3. Nd2 Nf6 4. Ngf3 Nc6 5. e5 Nd7 6. d4 f6
7. exf6 Qxf6 8. Nb3 e5 9. dxe5 Ndxe5 10. Be2 Nxf3+ 11. Bxf3
Be6 12. O-O O-O-O 13. Bg4 Bxg4 14. Qxg4+ Kb8 15. Qg5 Be7
16. Qxf6 Bxf6 17. c3 Rhe8 18. Be3 Ne5 19. Rad1 b6 20. Rfe1 Kb7
21. Bc1 Nd3 22. Rxe8 Rxe8 23. Kf1 Nxc1 24. Nxc1 Kc6 25. Nd3
Kb5 26. Nf4 c6 27. Nh5 Re4 28. Nxf6 gxf6 29. b3 a5 30. g3 Kc5
31. Re1 Rxe1+ 32. Kxe1 d4 33. Kd2 Kd5 34. f3 a4 35. Kd3 axb3
36. axb3 dxc3 37. Kxc3 c5 38. Kd3 b5 39. Kc3 Ke5 40. Kd3 f5
41. h3 Ke6 42. Ke3 Kf6 43. g4 fxg4 44. hxg4 Kg5 45. Ke4 c4
46. bxc4 bxc4 47. Kd4 Kf4 48. Kxc4 Kxf3 49. g5 1/2-1/2